| 000 | 00387 a2200157 4500 | ||
|---|---|---|---|
| 003 | Nust | ||
| 005 | 20230309110449.0 | ||
| 040 | _cNust | ||
| 082 | _a297.7,ELA | ||
| 100 |
_aElahi, Prof Dr Fazal _9110049 |
||
| 245 |
_aFazail e Dawat / _cProf Dr. Fazal Elahi |
||
| 260 |
_aLahore _bMuktaba-i-Qudsia |
||
| 300 | _a142 :P | ||
| 650 |
_aDawat, Islam _9110050 |
||
| 942 |
_2ddc _cBK _k297.7,ELA |
||
| 999 |
_c179993 _d179993 |
||